[Event "Barcelona Sants op-A18th"]
[Site "Barcelona"]
[Date "2016.08.26"]
[Round "8"]
[White "Brociner, Beniamino"]
[Black "Vidarte Morales, Arturo"]
[Result "0-1"]
[WhiteElo "2184"]
[BlackElo "2324"]
[PlyCount "94"]
[EventDate "2016.08.19"]
[EventType "swiss"]
[EventRounds "10"]
[EventCountry "ESP"]
[SourceTitle "CBM 174 Extra"]
[Source "ChessBase"]
[SourceDate "2016.10.10"]
[SourceVersion "1"]
[SourceVersionDate "2016.10.10"]
[SourceQuality "1"]

1. e4 d6 2. d4 g6 3. Nc3 Bg7 4. h3 c6 5. Nf3 b5 6. a3 Bb7 7. Bf4 a6 8. e5 d5 9. Bd3 e6 10. h4 h6 11. h5 g5 12. Bg3 Nd7 13. b4 a5 14. Ne2 Ne7 15. 0-0 Nb6 16. Nd2 Nf5 17. c3 a4 18. Bh2 g4 19. Bxf5 exf5 20. e6 fxe6 21. Nf4 Kd7 22. Re1 Re8 23. Qc2 Qg5 24. Nd3 Bf8 25. Re2 Nc4 26. Nxc4 dxc4 27. Nc5+ Bxc5 28. dxc5 Ke7 29. Rd1 Rad8 30. Bd6+ Kf7 31. Re5 Qxh5 32. Qe2 Qg6 33. Re3 h5 34. Bc7 Rd5 35. Rxd5 cxd5 36. Be5 h4 37. Bd4 Bc6 38. g3 Qh5 39. Qe1 Qh6 40. gxh4 Qxh4 41. f4 g3 42. Qe2 g2 43. Qe1 Qh1+ 44. Kf2 Qh2 45. Qg1 Qxf4+ 46. Rf3 Qd2+ 47. Kg3 Rg8+ 0-1

[Event "Barcelona Sants op-A18th"]
[Site "Barcelona"]
[Date "2016.08.22"]
[Round "4"]
[White "Brociner, Beniamino"]
[Black "Panelo Munoz, Marcelo A"]
[Result "0-1"]
[WhiteElo "2184"]
[BlackElo "2373"]
[PlyCount "84"]
[EventDate "2016.08.19"]
[EventType "swiss"]
[EventRounds "10"]
[EventCountry "ESP"]
[SourceTitle "CBM 174 Extra"]
[Source "ChessBase"]
[SourceDate "2016.10.10"]
[SourceVersion "1"]
[SourceVersionDate "2016.10.10"]
[SourceQuality "1"]

1. Nf3 c5 2. e4 d6 3. d4 cxd4 4. Nxd4 Nf6 5. Nc3 Nc6 6. Be2 e5 7. Nxc6 bxc6 8. 0-0 Be7 9. Qd3 0-0 10. Rd1 Qc7 11. b3 Rd8 12. Bb2 Be6 13. Qg3 d5 14. exd5 cxd5 15. Bf3 g6 16. Re1 Rac8 17. Qxe5 Qxe5 18. Rxe5 d4 19. Ne4 Rxc2 20. Nxf6+ Bxf6 21. Re2 Rdc8 22. Rxc2 Rxc2 23. Rb1 Bf5 24. g4 Bd3 25. Rd1 Rxb2 26. Rxd3 Bh4 27. a3 Bxf2+ 28. Kh1 Be3 29. b4 Kf8 30. Bd5 Ke7 31. Rb3 Rf2 32. a4 Kd6 33. Bb7 Ra2 34. a5 Ke5 35. Rb1 d3 36. Rd1 Kd4 37. Ba6 Rd2 38. Re1 Rf2 39. b5 d2 40. Rd1 Re2 41. b6 Re1+ 42. Kg2 Rxd1 0-1

[Event "Bratto op 35th"]
[Site "Bratto"]
[Date "2015.08.23"]
[Round "2"]
[White "Brociner, Beniamino"]
[Black "Coppola, Federico"]
[Result "1/2-1/2"]
[WhiteElo "2167"]
[BlackElo "2092"]
[PlyCount "44"]
[EventDate "2015.08.22"]
[EventType "swiss"]
[EventRounds "9"]
[EventCountry "ITA"]
[SourceTitle "EXT 2016"]
[Source "ChessBase"]
[SourceDate "2015.10.08"]
[SourceVersion "1"]
[SourceVersionDate "2015.10.08"]
[SourceQuality "1"]

1. Nf3 Nf6 2. c4 c5 3. g3 d5 4. cxd5 Nxd5 5. Bg2 g6 6. 0-0 Bg7 7. Nc3 0-0 8. Nxd5 Qxd5 9. d3 Nc6 10. Be3 Bxb2 11. Nd4 Qd6 12. Nxc6 Bxa1 13. Qxa1 bxc6 14. Bh6 Qd4 15. Bxf8 Kxf8 16. Qxd4 cxd4 17. Bxc6 Rb8 18. Bd5 Rb2 19. Re1 Bg4 20. f3 Bd7 21. Kf2 Bb5 22. Bc4 Bxc4 1/2-1/2

[Event "Milan Crespi op-A 34th"]
[Site "Milan"]
[Date "2013.12.04"]
[Round "5"]
[White "Brociner, Beniamino"]
[Black "Iudicello, Giovanni"]
[Result "1-0"]
[WhiteElo "2072"]
[BlackElo "2134"]
[PlyCount "101"]
[EventDate "2013.11.30"]
[EventType "swiss"]
[EventRounds "9"]
[EventCountry "ITA"]
[SourceTitle "CBM 157 Extra"]
[Source "ChessBase"]
[SourceDate "2013.12.19"]
[SourceVersion "1"]
[SourceVersionDate "2013.12.19"]
[SourceQuality "1"]

1. Nf3 Nf6 2. c4 g6 3. g3 Bg7 4. Bg2 0-0 5. 0-0 d6 6. d4 Nbd7 7. Nc3 e5 8. h3 c6 9. dxe5 dxe5 10. Be3 Qe7 11. Qa4 Ne8 12. b4 Nc7 13. Qb3 Ne6 14. Rad1 f5 15. c5 Kh8 16. Rd6 Re8 17. Rfd1 e4 18. Nd4 Nf6 19. Nxe6 Bxe6 20. Qc2 Nd5 21. Nxd5 Bxd5 22. h4 Be5 23. Bd4 Bxd4 24. Rxd4 f4 25. Qc3 Kg8 26. gxf4 Qxh4 27. Qg3 Qh5 28. e3 Re7 29. Rd2 Rg7 30. Bh3 g5 31. f5 g4 32. f6 Rg5 33. Bg2 Rf8 34. Rd7 Qh6 35. Qd6 Qxf6 36. Qxf6 Rxf6 37. Rxb7 Rf7 38. Rb8+ Kg7 39. a4 g3 40. b5 gxf2+ 41. Rxf2 Re7 42. b6 axb6 43. cxb6 c5 44. a5 Bb7 45. Ra2 Rg6 46. a6 Bxa6 47. Rxa6 Kh6 48. Ra7 Ree6 49. b7 Rb6 50. Rc8 Rb2 51. b8Q 1-0

[Event "Milan Crespi op-A 34th"]
[Site "Milan"]
[Date "2013.12.03"]
[Round "4"]
[White "Sardo, Gabriele"]
[Black "Brociner, Beniamino"]
[Result "1-0"]
[WhiteElo "2198"]
[BlackElo "2072"]
[PlyCount "85"]
[EventDate "2013.11.30"]
[EventType "swiss"]
[EventRounds "9"]
[EventCountry "ITA"]
[SourceTitle "CBM 157 Extra"]
[Source "ChessBase"]
[SourceDate "2013.12.19"]
[SourceVersion "1"]
[SourceVersionDate "2013.12.19"]
[SourceQuality "1"]

1. d4 Nf6 2. c4 d6 3. Nc3 e5 4. Nf3 Nbd7 5. e4 Be7 6. Be2 0-0 7. 0-0 c6 8. Rb1 a5 9. d5 Nc5 10. Nd2 Nfd7 11. dxc6 bxc6 12. Nf3 f5 13. exf5 Nf6 14. Be3 Bxf5 15. Rc1 Ncd7 16. Qd2 Rb8 17. b3 Kh8 18. Rfd1 d5 19. cxd5 cxd5 20. Nxd5 Ba3 21. Rc4 Ne4 22. Qe1 Bd6 23. Bd3 Nec5 24. Bxf5 Rxf5 25. Bxc5 Bxc5 26. Ne3 Bxe3 27. Qxe3 Qe8 28. Qd3 e4 29. Rxe4 Ne5 30. Rxe5 Rxe5 31. Nxe5 Qxe5 32. Qd8+ Qe8 33. Qxa5 h6 34. g3 Ra8 35. Qd2 Qg6 36. Rc1 Re8 37. b4 Qa6 38. Rc2 Re5 39. Qc3 Qb5 40. a3 Kh7 41. Kg2 Qb7+ 42. Qf3 Qd7 43. Rc5 1-0

[Event "Milan Crespi op-A 34th"]
[Site "Milan"]
[Date "2013.11.30"]
[Round "1"]
[White "Mrdja, Milan"]
[Black "Brociner, Beniamino"]
[Result "1/2-1/2"]
[WhiteElo "2388"]
[BlackElo "2072"]
[PlyCount "152"]
[EventDate "2013.11.30"]
[EventType "swiss"]
[EventRounds "9"]
[EventCountry "ITA"]
[SourceTitle "CBM 157 Extra"]
[Source "ChessBase"]
[SourceDate "2013.12.19"]
[SourceVersion "1"]
[SourceVersionDate "2013.12.19"]
[SourceQuality "1"]

1. e4 c5 2. Nf3 g6 3. d4 cxd4 4. Qxd4 Nf6 5. Qa4 Bg7 6. Nc3 0-0 7. e5 Ne8 8. Bf4 Nc6 9. 0-0-0 Nc7 10. h4 Ne6 11. Bg3 h5 12. Bc4 Nc5 13. Qa3 Qa5 14. Qxa5 Nxa5 15. Bd5 Nc6 16. a3 Ne6 17. Rhe1 b6 18. Ba2 Rd8 19. Ne4 Bb7 20. Neg5 Kf8 21. Re2 Ke8 22. Kb1 Rac8 23. Bd5 Na5 24. Ba2 Nc4 25. Ne4 Ba6 26. Ree1 b5 27. Nfg5 Nxe5 28. Bxe5 Bxe5 29. Nxf7 Kxf7 30. Ng5+ Kf6 31. Rxe5 Kxe5 32. Bxe6 Kf6 33. Bxd7 Rc7 34. Bg4 Rxd1+ 35. Bxd1 Bb7 36. g3 Rd7 37. Kc1 Bd5 38. b3 a5 39. Be2 b4 40. axb4 axb4 41. Bd3 Bc6 42. f4 Rd6 43. Kd2 Rd8 44. Ke3 e6 45. Nh7+ Kg7 46. Ng5 Rd6 47. Nh3 Kf6 48. Nf2 e5 49. fxe5+ Kxe5 50. Bc4 Rf6 51. Be2 Re6 52. Nd3+ Kd6+ 53. Kd2 Bb5 54. Nf4 Re5 55. Bf3 Be8 56. Nd3 Rb5 57. Be4 g5 58. Ke3 gxh4 59. gxh4 Bf7 60. Kd4 Rb8 61. Ne5 Be6 62. Bf3 Rf8 63. Be4 Rf4 64. Nd3 Rxh4 65. Ke3 Bd5 66. Bf5 Be6 67. Be4 Bd5 68. Bf5 Be6 69. Be4 Bd5 70. Bf5 Ke7 71. Nf4 Bf7 72. Be4 Rh2 73. Bg2 Rh4 74. Be4 Rh2 75. Bg2 Rh4 76. Be4 Rh2 1/2-1/2

[Event "Milan Molinari Memorial 7th"]
[Site "Milan"]
[Date "2013.10.31"]
[Round "1"]
[White "Quagliarella, Sabino Remo"]
[Black "Brociner, Beniamino"]
[Result "0-1"]
[WhiteElo "1888"]
[BlackElo "2068"]
[PlyCount "54"]
[EventDate "2013.10.31"]
[EventType "swiss"]
[EventRounds "6"]
[EventCountry "ITA"]
[SourceTitle "EXT 2015"]
[Source "ChessBase"]
[SourceDate "2014.11.20"]
[SourceVersion "1"]
[SourceVersionDate "2014.11.20"]
[SourceQuality "1"]

1. d4 d6 2. Nf3 Nf6 3. g3 Nbd7 4. Bg2 e5 5. dxe5 dxe5 6. 0-0 Be7 7. c4 c6 8. Nc3 0-0 9. b3 Re8 10. Bb2 Bf8 11. Qc2 Qc7 12. Ng5 a5 13. Nge4 h6 14. Rad1 Nxe4 15. Bxe4 Nc5 16. Bf5 Ne6 17. e3 g6 18. Bxg6 fxg6 19. Qxg6+ Ng7 20. Ne4 Be7 21. Nd6 Bxd6 22. Rxd6 Qf7 23. Qxh6 Qh5 24. Qf6 Bh3 25. Rfd1 Re6 26. Rd8+ Kh7 27. Qf8 Qxd1+ 0-1

[Event "Milan Palladino Memorial"]
[Site "Milan"]
[Date "2013.04.01"]
[Round "7"]
[White "Cocconcelli, Lorenzo"]
[Black "Brociner, Beniamino"]
[Result "1/2-1/2"]
[WhiteElo "2012"]
[BlackElo "1996"]
[PlyCount "20"]
[EventDate "2013.03.28"]
[EventType "swiss"]
[EventRounds "7"]
[EventCountry "ITA"]
[SourceTitle "EXT 2014"]
[Source "ChessBase"]
[SourceDate "2013.11.20"]
[SourceVersion "1"]
[SourceVersionDate "2013.11.20"]
[SourceQuality "1"]

1. b3 b6 2. g3 Bb7 3. Nf3 a5 4. Nc3 Nf6 5. h4 e6 6. h5 h6 7. Bg2 d6 8. Bb2 Nbd7 9. a4 Qe7 10. e3 0-0-0 1/2-1/2

[Event "Milan Palladino Memorial"]
[Site "Milan"]
[Date "2013.03.31"]
[Round "5"]
[White "Baltzopoulos, Giorgos"]
[Black "Brociner, Beniamino"]
[Result "0-1"]
[WhiteElo "1969"]
[BlackElo "1996"]
[PlyCount "96"]
[EventDate "2013.03.28"]
[EventType "swiss"]
[EventRounds "7"]
[EventCountry "ITA"]
[SourceTitle "EXT 2014"]
[Source "ChessBase"]
[SourceDate "2013.11.20"]
[SourceVersion "1"]
[SourceVersionDate "2013.11.20"]
[SourceQuality "1"]

1. e4 c5 2. Nf3 g6 3. d4 cxd4 4. Qxd4 Nf6 5. Bb5 a6 6. e5 axb5 7. exf6 e6 8. Nc3 Nc6 9. Qf4 Qa5 10. 0-0 b4 11. Ne4 e5 12. Qg3 d5 13. Neg5 h6 14. Re1 hxg5 15. Nxe5 Nxe5 16. Qxe5+ Be6 17. Bxg5 Qc5 18. Bf4 Rd8 19. Qg5 Bd6 20. Bg3 Bxg3 21. hxg3 Qxc2 22. g4 Qc7 23. g3 Qd7 24. Kg2 d4 25. f3 Rc8 26. Rac1 Rxc1 27. Qxc1 Qc6 28. Qf4 Qc8 29. Rc1 Qd8 30. Rc7 d3 31. Re7+ Kf8 32. Qxb4 Kg8 33. Qd2 Bxg4 34. Qe3 d2 35. Re8+ Kh7 36. Rxh8+ Qxh8 37. Qxd2 Be6 38. Qd4 Qc8 39. a3 Qc2+ 40. Kf1 Qc4+ 41. Qxc4 Bxc4+ 42. Kf2 g5 43. Ke3 Kg6 44. Kd4 Be2 45. Ke5 Bxf3 46. a4 Bd1 47. a5 Be2 48. b4 Bf1 0-1

[Event "Milan Carnevale op 4th"]
[Site "Milan"]
[Date "2013.02.16"]
[Round "4"]
[White "Napoli, Nicolo"]
[Black "Brociner, Beniamino"]
[Result "1/2-1/2"]
[WhiteElo "2263"]
[BlackElo "1971"]
[PlyCount "74"]
[EventDate "2013.02.13"]
[EventType "swiss"]
[EventRounds "6"]
[EventCountry "ITA"]
[SourceTitle "EXT 2014"]
[Source "ChessBase"]
[SourceDate "2013.11.20"]
[SourceVersion "1"]
[SourceVersionDate "2013.11.20"]
[SourceQuality "1"]

1. g3 Nf6 2. Bg2 e6 3. c4 Be7 4. e4 d5 5. e5 Ne4 6. cxd5 exd5 7. Nc3 Nxc3 8. dxc3 c6 9. Ne2 0-0 10. 0-0 f6 11. Bf4 Nd7 12. exf6 Nxf6 13. Qb3 Qb6 14. Be3 Bc5 15. Bxc5 Qxc5 16. Nf4 Kh8 17. Nd3 Qb6 18. Qxb6 axb6 19. Rfe1 Bf5 20. Ne5 Kg8 21. a3 b5 22. f4 Rfe8 23. Bf3 Be4 24. Bd1 h6 25. Rf1 g6 26. Bb3 Kg7 27. Rae1 g5 28. Bd1 gxf4 29. gxf4 Re7 30. Kf2 Rf8 31. Rg1+ Kh7 32. Be2 Ne8 33. Ke3 Ng7 34. Bg4 Bf5 35. Kf3 Ne6 36. Bxf5+ Rxf5 37. Nd3 Rh5 1/2-1/2

[Event "Milan Carnevale op 4th"]
[Site "Milan"]
[Date "2013.02.14"]
[Round "2"]
[White "Brociner, Beniamino"]
[Black "Egli, Urs Martin"]
[Result "1-0"]
[WhiteElo "1971"]
[BlackElo "2099"]
[PlyCount "141"]
[EventDate "2013.02.13"]
[EventType "swiss"]
[EventRounds "6"]
[EventCountry "ITA"]
[SourceTitle "EXT 2014"]
[Source "ChessBase"]
[SourceDate "2013.11.20"]
[SourceVersion "1"]
[SourceVersionDate "2013.11.20"]
[SourceQuality "1"]

1. Nf3 d6 2. d4 Nd7 3. g3 e5 4. Bg2 Ngf6 5. c4 c6 6. Nc3 Qc7 7. e4 Be7 8. 0-0 0-0 9. h3 a6 10. a4 a5 11. Be3 Re8 12. Qc2 Bf8 13. Rfd1 b6 14. Rac1 Ba6 15. Nd2 Rac8 16. Re1 g6 17. Qd1 Bg7 18. b3 exd4 19. Bxd4 Nc5 20. Nf1 Re6 21. f4 Ncd7 22. Qf3 Rce8 23. Nd5 Qd8 24. Nxf6+ Bxf6 25. Bf2 Nc5 26. Nd2 Bb2 27. Rcd1 Qf6 28. e5 dxe5 29. Bxc5 bxc5 30. Ne4 Qe7 31. f5 gxf5 32. Qxf5 Bd4+ 33. Kh2 Rg6 34. Rf1 Rb8 35. Nf6+ Kh8 36. Be4 Rh6 37. Qg5 Be3 38. Qxe3 Rxf6 39. Rxf6 Qxf6 40. Qxc5 Rg8 41. Rd6 Qg5 42. Qf2 Bc8 43. Qf6+ Qxf6 44. Rxf6 Kg7 45. Rd6 c5 46. Rd5 Bb7 47. Rxe5 Bxe4 48. Rxe4 Rb8 49. Re3 Kf6 50. Kg2 Kf5 51. Kf3 h5 52. Rd3 Ke6 53. Kf4 f6 54. Rd5 Rxb3 55. Rxh5 Rb4 56. Rxc5 Rxa4 57. Rc6+ Kd7 58. Rxf6 Rxc4+ 59. Ke5 a4 60. Ra6 Rc3 61. Kf4 Rc4+ 62. Kg5 Rc3 63. Kh4 a3 64. g4 Kc7 65. g5 Kb7 66. Ra4 Kb6 67. g6 Rc6 68. Kh5 Rc5+ 69. Kh6 Rc3 70. h4 Kb5 71. Ra8 1-0

[Event "Biella op 3rd"]
[Site "Biella"]
[Date "2012.09.29"]
[Round "3"]
[White "Brociner, Beniamino"]
[Black "Davi, Alessandro"]
[Result "0-1"]
[WhiteElo "1981"]
[BlackElo "2086"]
[PlyCount "50"]
[EventDate "2012.09.28"]
[EventType "swiss"]
[EventRounds "9"]
[EventCountry "ITA"]
[SourceTitle "EXT 2013"]
[Source "ChessBase"]
[SourceDate "2012.11.22"]
[SourceVersion "1"]
[SourceVersionDate "2012.11.22"]
[SourceQuality "1"]

1. Nf3 d5 2. d4 e6 3. g3 c5 4. Bg2 Nc6 5. 0-0 Nf6 6. b3 cxd4 7. Nxd4 Bc5 8. Bb2 Qe7 9. Nxc6 bxc6 10. c4 0-0 11. Nd2 Ba6 12. Qc2 Rac8 13. Rfd1 Bxf2+ 14. Kxf2 Ng4+ 15. Ke1 Qc5 16. Nf3 Qf2+ 17. Kd2 Qxg2 18. Ng5 g6 19. Bd4 dxc4 20. bxc4 Rfd8 21. Kc1 c5 22. Bg1 Ne5 23. e4 Rxd1+ 24. Qxd1 Bxc4 25. Qd6 Qxg1+ 0-1

[Event "Crema op 14th"]
[Site "Crema"]
[Date "2012.09.02"]
[Round "6"]
[White "Brociner, Beniamino"]
[Black "Colombo, Luca"]
[Result "1-0"]
[WhiteElo "1981"]
[BlackElo "1898"]
[PlyCount "71"]
[EventDate "2012.08.31"]
[EventType "swiss"]
[EventRounds "6"]
[EventCountry "ITA"]
[SourceTitle "EXT 2014"]
[Source "ChessBase"]
[SourceDate "2013.11.20"]
[SourceVersion "1"]
[SourceVersionDate "2013.11.20"]
[SourceQuality "1"]

1. Nf3 c5 2. c4 Nc6 3. g3 g6 4. Bg2 Bg7 5. 0-0 d6 6. Nc3 Nf6 7. d3 0-0 8. a3 Be6 9. Rb1 a5 10. Qc2 Rb8 11. Be3 Re8 12. h3 h6 13. Rfd1 Nd7 14. Rbc1 Nde5 15. Nxe5 Nxe5 16. Nb5 Nc6 17. Qd2 h5 18. d4 cxd4 19. Nxd4 Nxd4 20. Bxd4 Bxd4 21. Qxd4 b6 22. Kh2 Qc7 23. Bd5 Bd7 24. Qf4 Rf8 25. Qh6 e6 26. Bg2 Qc5 27. Qf4 e5 28. Qf6 Be6 29. Bd5 Rbe8 30. Rc3 a4 31. g4 hxg4 32. hxg4 Bxg4 33. Qxg6+ Kh8 34. Rh3+ Bxh3 35. Qh6+ Kg8 36. Rg1+ 1-0

[Event "Crema op 14th"]
[Site "Crema"]
[Date "2012.09.02"]
[Round "5"]
[White "Sgnaolin, Davide"]
[Black "Brociner, Beniamino"]
[Result "1-0"]
[WhiteElo "2234"]
[BlackElo "1981"]
[PlyCount "133"]
[EventDate "2012.08.31"]
[EventType "swiss"]
[EventRounds "6"]
[EventCountry "ITA"]
[SourceTitle "EXT 2014"]
[Source "ChessBase"]
[SourceDate "2013.11.20"]
[SourceVersion "1"]
[SourceVersionDate "2013.11.20"]
[SourceQuality "1"]

1. e4 c5 2. c3 d5 3. exd5 Qxd5 4. d4 Nc6 5. Nf3 e5 6. Nxe5 Nxe5 7. dxe5 Qxe5+ 8. Qe2 Qxe2+ 9. Bxe2 Bd7 10. Bc4 Bd6 11. 0-0 Ne7 12. Rd1 Bc7 13. Be3 b6 14. Bxf7+ Kxf7 15. Rxd7 Rad8 16. Rxd8 Rxd8 17. Nd2 Nf5 18. Nf3 h6 19. Re1 Nxe3 20. Rxe3 Rd1+ 21. Re1 Rxe1+ 22. Nxe1 Ke6 23. Kf1 Kd5 24. Ke2 b5 25. Nc2 a6 26. Ne3+ Ke5 27. b3 h5 28. Kd3 g5 29. h3 Bd8 30. c4 b4 31. Nf1 Kf4 32. Ng3 h4 33. Ne2+ Ke5 34. Ke3 Be7 35. Nc1 Kf5 36. Nd3 Bd6 37. Kf3 a5 38. g4+ hxg3 39. fxg3 Be7 40. g4+ Ke6 41. Ke4 Bd6 42. Ne1 Be7 43. Ng2 Bf6 44. Ne3 Be7 45. Nc2 Bf6 46. Ne1 Be7 47. Nf3 Bf6 48. Ke3 Be7 49. Kf2 Bd8 50. Kg2 Be7 51. Kg3 Bd6+ 52. Kf2 Be7 53. Kg2 Bd8 54. h4 gxh4 55. Kh3 Bf6 56. g5 Be7 57. Kxh4 Kf5 58. Kh5 Kf4 59. g6 Bf6 60. Ng5 Kf5 61. Nf7 Bg7 62. Nd6+ Ke6 63. Nb7 Bf8 64. Nxa5 Kd7 65. Nb7 Ke8 66. Kg5 Kd7 67. Nxc5+ 1-0

[Event "Crema op 14th"]
[Site "Crema"]
[Date "2012.09.01"]
[Round "3"]
[White "Brociner, Beniamino"]
[Black "Carrai, Giacomo"]
[Result "1-0"]
[WhiteElo "1981"]
[BlackElo "1827"]
[PlyCount "23"]
[EventDate "2012.08.31"]
[EventType "swiss"]
[EventRounds "6"]
[EventCountry "ITA"]
[SourceTitle "EXT 2014"]
[Source "ChessBase"]
[SourceDate "2013.11.20"]
[SourceVersion "1"]
[SourceVersionDate "2013.11.20"]
[SourceQuality "1"]

1. Nf3 c5 2. c4 Nf6 3. g3 b6 4. Bg2 Bb7 5. 0-0 e6 6. Nc3 Be7 7. Re1 0-0 8. e4 d6 9. d4 cxd4 10. Nxd4 a6 11. e5 Bxg2 12. exf6 1-0

[Event "Crema op 14th"]
[Site "Crema"]
[Date "2012.08.31"]
[Round "1"]
[White "Brociner, Beniamino"]
[Black "Frugoni, Giulio"]
[Result "1-0"]
[WhiteElo "1981"]
[BlackElo "1638"]
[PlyCount "67"]
[EventDate "2012.08.31"]
[EventType "swiss"]
[EventRounds "6"]
[EventCountry "ITA"]
[SourceTitle "EXT 2014"]
[Source "ChessBase"]
[SourceDate "2013.11.20"]
[SourceVersion "1"]
[SourceVersionDate "2013.11.20"]
[SourceQuality "1"]

1. Nf3 d5 2. d4 Nf6 3. c4 c6 4. Nbd2 Bf5 5. Nh4 Bg6 6. Qb3 Qc7 7. g3 Nbd7 8. Bg2 e6 9. 0-0 Be7 10. Nxg6 hxg6 11. e4 dxe4 12. Nxe4 Nxe4 13. Bxe4 Nf6 14. Bf4 Bd6 15. Bxd6 Qxd6 16. Qxb7 0-0 17. Qxc6 Qxd4 18. Qxa8 Rxa8 19. Bxa8 Qxb2 20. c5 Ng4 21. Rab1 Qe5 22. Bf3 Nf6 23. c6 Ne8 24. Rfd1 Kh7 25. Rb7 f5 26. Rd8 Nd6 27. Rbb8 g5 28. c7 Qe1+ 29. Kg2 Ne4 30. Rb2 Qc3 31. c8Q Qxb2 32. Bxe4 fxe4 33. Qxe6 Qe2 34. Qf5+ 1-0

[Event "ITA-ch B"]
[Site "Civitanova Marche"]
[Date "2012.07.22"]
[Round "8"]
[White "Raselli, Claudio"]
[Black "Brociner, Beniamino"]
[Result "1-0"]
[WhiteElo "1890"]
[BlackElo "1961"]
[PlyCount "75"]
[EventDate "2012.07.15"]
[EventType "swiss"]
[EventRounds "8"]
[EventCountry "ITA"]
[SourceTitle "EXT 2023"]
[Source "ChessBase"]
[SourceDate "2022.10.05"]
[SourceVersion "1"]
[SourceVersionDate "2022.10.05"]
[SourceQuality "1"]

1. d4 Nf6 2. Nf3 b6 3. e3 Bb7 4. Bd3 g6 5. Nbd2 d5 6. 0-0 Bg7 7. Ne5 0-0 8. c3 Nbd7 9. f4 c5 10. Ndf3 Ne4 11. Bd2 Qc7 12. Be1 Rfd8 13. Bh4 Nf8 14. Nd2 Rac8 15. Nxe4 dxe4 16. Bc4 Bd5 17. Bxd5 Rxd5 18. Rc1 Nd7 19. Nxd7 Qxd7 20. Qe2 e6 21. Rfd1 f5 22. c4 Rd6 23. dxc5 bxc5 24. Rxd6 Qxd6 25. Rd1 Qc7 26. Qd2 e5 27. g3 exf4 28. gxf4 Rb8 29. b3 Rb7 30. Qd5+ Kf8 31. Qe6 Rb6 32. Qd5 Rb7 33. Bd8 Qc8 34. Qd6+ Ke8 35. Qa6 Bf8 36. Rd5 Rc7 37. Qf6 Bg7 38. Re5+ 1-0

[Event "ITA-ch B"]
[Site "Civitanova Marche"]
[Date "2012.07.17"]
[Round "3"]
[White "Brociner, Beniamino"]
[Black "Biancarelli, Renato"]
[Result "1-0"]
[WhiteElo "1961"]
[BlackElo "1520"]
[PlyCount "61"]
[EventDate "2012.07.15"]
[EventType "swiss"]
[EventRounds "8"]
[EventCountry "ITA"]
[SourceTitle "EXT 2023"]
[Source "ChessBase"]
[SourceDate "2022.10.05"]
[SourceVersion "1"]
[SourceVersionDate "2022.10.05"]
[SourceQuality "1"]

1. Nf3 f5 2. g3 Nf6 3. Bg2 g6 4. 0-0 Bg7 5. d4 d6 6. c4 0-0 7. Nc3 Qe8 8. Bg5 c6 9. Bxf6 Bxf6 10. e4 Na6 11. e5 dxe5 12. Nxe5 Bxe5 13. dxe5 Qf7 14. b3 f4 15. Qf3 Be6 16. Qxf4 Qxf4 17. gxf4 Rxf4 18. Ne2 Rff8 19. Nd4 Nc7 20. Rad1 Rad8 21. h3 Bc8 22. Kh2 Ne6 23. Nxe6 Bxe6 24. Kg3 Bf5 25. f4 Bc2 26. Rc1 Rd2 27. Rf2 Rfd8 28. Rxc2 R8d3+ 29. Bf3 Rd1 30. Kg2 Kf7 31. Bxd1 1-0

[Event "ITA-ch B"]
[Site "Civitanova Marche"]
[Date "2012.07.16"]
[Round "2"]
[White "Brociner, Beniamino"]
[Black "Gaglianese, Marco"]
[Result "1-0"]
[WhiteElo "1961"]
[BlackElo "1724"]
[PlyCount "43"]
[EventDate "2012.07.15"]
[EventType "swiss"]
[EventRounds "8"]
[EventCountry "ITA"]
[SourceTitle "EXT 2023"]
[Source "ChessBase"]
[SourceDate "2022.10.05"]
[SourceVersion "1"]
[SourceVersionDate "2022.10.05"]
[SourceQuality "1"]

1. Nf3 d5 2. d4 Nf6 3. c4 c6 4. Nbd2 Bf5 5. Nh4 Bg6 6. Qb3 Qb6 7. Qh3 Nbd7 8. Nxg6 fxg6 9. e3 c5 10. dxc5 Nxc5 11. cxd5 Nxd5 12. Nc4 Qe6 13. Qxe6 Nxe6 14. Bd2 Nec7 15. Rc1 e6 16. e4 Nf6 17. f3 Na6 18. Ne5 Bd6 19. Bb5+ Ke7 20. Nc6+ Kf7 21. Bxa6 bxa6 22. e5 1-0